Poorly Drawn Flags #3 - Statistics

General Stats
  • This quiz has been taken 73 times
  • The average score is 9 of 10
Answer Stats
Picture Answer % Correct
South Korea
100%
Spain
97%
Nigeria
92%
Nepal
90%
Iceland
88%
Indonesia
85%
Georgia
83%
Morocco
82%
Somalia
77%
Gabon
62%
No matching quizzes found
Score Distribution
Percent of People with Each Score
Percentile by Number Answered
Your Score History
You have not taken this quiz